| 000 | 01344nam a22003497a 4500 | ||
|---|---|---|---|
| 003 | CHAP | ||
| 005 | 20241007112158.0 | ||
| 008 | 971013s1976 r 00010 d | ||
| 010 | _a48121 | ||
| 011 | _a49093 | ||
| 035 | _a53241 | ||
| 040 | _cCHAP | ||
| 090 | _aTesis | ||
| 100 | 0 | 0 |
_aPérez-Grovas Garza, Raúl Andrés _990133 |
| 245 | _aEfecto de las parasitosis gastroentéricas sobre la ganadería de peso y las constantes hemáticas de ovinos criados en pastoreo extensivo en Xalatlaco, Méx., con establecimiento de un calendario de desparasitación | ||
| 260 |
_aMéxico, D.F. : _bEl autor, _c1976 |
||
| 300 |
_a30 h. _b: gráfs. |
||
| 502 | _aTesis (Médico Veterinario Zootecnista) -- UNAM. Facultad de Medicina Veterinaria y Zootecnia | ||
| 590 |
_aALEPH _b10 _c20130110 _lUCH01 _h1318 |
||
| 590 |
_aBATCH-UPD _b10 _c20130110 _lUCH01 _h0111 |
||
| 590 |
_aBATCH-UPD _b10 _c20130110 _lUCH01 _h1227 |
||
| 590 |
_aBATCH-UPD _b10 _c20130409 _lUCH01 _h2103 |
||
| 590 |
_aBATCH-UPD _b10 _c20130410 _lUCH01 _h0759 |
||
| 590 |
_aBATCH-UPD _b10 _c20130914 _lUCH01 _h1514 |
||
| 590 |
_aCONVERSION _b10 _c20130109 _lUCH01 _h1326 |
||
| 650 | 1 | 4 |
_aGanado lanar _xParásitos. _945208 |
| 650 | 1 | 4 |
_aGanado lanar _xPastoreo. _945209 |
| 650 | 1 | 4 |
_aGanado lanar _xPeso. _945211 |
| 901 | _aBK | ||
| 942 | _cLIBRO | ||
| 949 |
_bBC _cTES _d-118186 _eLIBRO _i53241 _si |
||
| 999 |
_c48121 _d48121 |
||